000 00888nam a22002537i 4500
003 URS
856 _3Online Request for Student Unpublished Works
_uhttps://forms.gle/7LqvGGkaDrUQqz429
999 _c76129
_d76128
005 20240416181641.0
008 200122b ||||| |||| 00| 0 eng d
041 _aeng
043 _aa-ph---
050 1 4 _aQA11
_b.Sa58 2015
100 _aSan Juan, Clarise M,
_eauthor
245 _aDevelopment and validation of eguide in teaching elementary
260 _c2015
300 _a117 leaves :
_billustrations ;
_c28 cm
336 _2rda content
_atext
337 _2rda media
_aunmediated
338 _2rda carrier
_avolume
502 _aThesis
_bMaster of Arts in Teaching major in Mathematics
_cUniversity of Rizal System-Morong
_d2015
650 0 _aMathematics--Study and teaching--(Elementary).
700 _aSan Andres, Ligaya L.
_edegree supervisor
942 _2lcc
_cT